000 00509nam a2200193Ia 4500
005 20250508150711.0
008 008 250505s9999 xx 000 0 eng d
020 _a0-13-896423-8
037 _aReference
040 _aFEDL
_beng
_cFEDL
041 _aeng
_2eng
084 _a372.505, NEW
_qFEDL
100 _aNewsom John
_9756219
245 0 _aChild at school
260 _aMiddlesex
_bPenguin Books
_c1950
300 _a176p.
942 _cREF
_h372.505, NEW
999 _c1325140
_d1325140